000 00690nam a2200265Ia 4500
005 20260121170721.0
008 008 260114s9999 xx 000 0 eng d
020 _a9783319988276
037 _aEBOOK
040 _aCRL
040 _beng
040 _cCRL
041 _2eng
041 _aeng
084 _qCRL
100 _aVictor Odumuyiwa, Ojo Adegboyega, Charles Uwadia
_91067295
245 0 _ae-Infrastructure and e-Services for Developing Countries
260 _bSpringer
260 _bSpringer
260 _c2018
856 _uhttps://link.springer.com/openurl?genre=book&isbn=978-3-319-98827-6
942 _cEBOOK
999 _c1633025
_d1633025